Essentials of Marketing Research (Record no. 11656)

MARC details
000 -LEADER
fixed length control field 00409nam a22001697a 4500
003 - CONTROL NUMBER IDENTIFIER
control field OSt
008 - FIXED-LENGTH DATA ELEMENTS--GENERAL INFORMATION
fixed length control field 230105b ||||| |||| 00| 0 eng d
020 ## - INTERNATIONAL STANDARD BOOK NUMBER
International Standard Book Number 789332571198
082 ## - DEWEY DECIMAL CLASSIFICATION NUMBER
Classification number 658.83 MRE
100 ## - MAIN ENTRY--PERSONAL NAME
Personal name MALHOTRA,Naresh K
245 ## - TITLE STATEMENT
Title Essentials of Marketing Research
250 ## - EDITION STATEMENT
Edition statement 4th IMP
260 ## - PUBLICATION, DISTRIBUTION, ETC. (IMPRINT)
Place of publication, distribution, etc New Delhi
Name of publisher, distributor, etc Pearson
Date of publication, distribution, etc 2017
300 ## - PHYSICAL DESCRIPTION
Extent 457
650 ## - SUBJECT ADDED ENTRY--TOPICAL TERM
Topical term or geographic name as entry element Marketing Research
942 ## - ADDED ENTRY ELEMENTS (KOHA)
Source of classification or shelving scheme Dewey Decimal Classification
Koha item type Reference Books
Holdings
Withdrawn status Lost status Source of classification or shelving scheme Damaged status Not for loan Collection code Home library Current library Date acquired Source of acquisition Currency Cost, normal purchase price Bill Number Total Checkouts Full call number Acc. no. / Barcode Date last seen Actual Cost, discounted price Bill Date Koha item type
    Dewey Decimal Classification     MBA PIET C-LIBRARY PIET C-LIBRARY 09/12/2022 International Book Centre IN Rupees 650.00 IB/IN/851   658.83 MRE 34314 05/01/2023 448.50 09/12/2022 Reference Books

Design & Developed by: PIET Central Library
R70 Miles Stone Pattikalyana Samalkha Panipat 132102
mail ID :- [email protected], Phone No:- 0180-2569700 Ex.216